Lady Gaga - Paroles Poker Face - Statistiques

Statistiques générales
  • Ce quiz a été pris 69 fois
  • Le résultat moyen est 335 sur 496
Statistiques - réponses
Hint Réponse % Correct
poker
98%
Post-refrain P-p-p-poker
98%
woah
98%
(Woo)
98%
woo)
98%
face
96%
face
96%
face,
96%
Bridge I
91%
Intro Mum
91%
Couplet 1 | Couplet 2 I
91%
(I
91%
mah
91%
mah)
91%
mum
91%
Mum
91%
(Mum
91%
a
85%
A
85%
No,
82%
you
82%
my,
78%
my
78%
Refrain Can't
76%
can't
76%
read
76%
Pré-refrain Oh,
75%
oh,
75%
oh
75%
Oh
75%
the
75%
he
73%
me,
71%
me
71%
when
71%
love
69%
Love
69%
love,
69%
with
69%
is
65%
it,
64%
it)
64%
it
64%
like
64%
wanna
62%
And
60%
do
60%
in
60%
nobody)
60%
(She's
60%
not
55%
your
55%
be
53%
got
53%
gun
53%
they
53%
what
53%
baby,
51%
Russian
51%
same
51%
hold
49%
I'm
49%
roulette
49%
show
49%
Texas,
49%
'Cause
47%
'cause
47%
him
47%
him,
47%
just
47%
Just
47%
without
47%
'em
45%
'em,
45%
fun
45%
fun,
45%
Game
45%
it's
45%
stay
45%
that
45%
to
45%
we
45%
her
44%
I'll
44%
on
44%
play
44%
bluffin'
42%
get
42%
hot,
42%
if
42%
muffin
42%
promise
42%
heart
40%
please
40%
f-f-fuck
38%
I've
38%
you're
38%
casino
36%
Fold
36%
he's
36%
his
36%
isn't
36%
let
36%
tell
36%
this,
36%
this
36%
will
36%
little
35%
rough,
35%
won't
35%
been
33%
chick
33%
hug
33%
intuition,
33%
Kiss
33%
lyin',
33%
Take
33%
after
31%
marvelous
31%
one
31%
pay
31%
raise
31%
start
31%
before
29%
cards
29%
hit
29%
hooked,
29%
gamblin'
27%
or
27%
that's
27%
glue
24%
roll
24%
Check
22%
gunnin'
22%
hand
22%
hard
22%
out
18%
pair
18%
spades
16%
stunnin'
16%
bank
11%
Aucun quiz correspondant
Distribution des résultats
% des personnes avec chaque résultat
Percentile par nombre de réponses
Votre historique - résultats
Vous n’avez pas pris ce quiz